<?xml version="1.0" encoding="UTF-8"?>
<record
    xmlns:xsi="http://www.w3.org/2001/XMLSchema-instance"
    xsi:schemaLocation="http://www.loc.gov/MARC21/slim http://www.loc.gov/standards/marcxml/schema/MARC21slim.xsd"
    xmlns="http://www.loc.gov/MARC21/slim">

  <leader>00554nam a2200157Ia 4500</leader>
  <controlfield tag="005">20260121165308.0</controlfield>
  <controlfield tag="008">260121s9999    xx            000 0 und d</controlfield>
  <datafield tag="020" ind1=" " ind2=" ">
    <subfield code="a">978-93-91558-36-9</subfield>
  </datafield>
  <datafield tag="041" ind1=" " ind2=" ">
    <subfield code="a">mar</subfield>
  </datafield>
  <datafield tag="100" ind1=" " ind2=" ">
    <subfield code="a">&#x938;&#x939;&#x938;&#x94D;&#x924;&#x94D;&#x930;&#x92C;&#x941;&#x926;&#x94D;&#x927;&#x947;, &#x91C;&#x92F;&#x902;&#x924;</subfield>
    <subfield code="9">216387</subfield>
  </datafield>
  <datafield tag="245" ind1=" " ind2=" ">
    <subfield code="a">&#x92D;&#x93E;&#x930;&#x924;&#x940;&#x92F; &#x938;&#x94D;&#x935;&#x93E;&#x924;&#x902;&#x924;&#x94D;&#x930;&#x94D;&#x92F; &#x938;&#x902;&#x917;&#x94D;&#x930;&#x93E;&#x92E; &#x906;&#x923;&#x93F; &#x935;&#x93F;&#x91C;&#x94D;&#x91E;&#x93E;&#x928;</subfield>
  </datafield>
  <datafield tag="250" ind1=" " ind2=" ">
    <subfield code="a">1</subfield>
  </datafield>
  <datafield tag="260" ind1=" " ind2=" ">
    <subfield code="b">&#x92D;&#x93E;&#x930;&#x924;&#x940;&#x92F; &#x935;&#x93F;&#x91A;&#x93E;&#x930; &#x938;&#x93E;&#x927;&#x928;&#x93E; &#x92B;&#x93E;&#x909;&#x902;&#x921;&#x947;&#x936;&#x928;</subfield>
    <subfield code="c">2021</subfield>
  </datafield>
  <datafield tag="300" ind1=" " ind2=" ">
    <subfield code="a">39</subfield>
  </datafield>
  <datafield tag="650" ind1=" " ind2=" ">
    <subfield code="a">History </subfield>
  </datafield>
  <datafield tag="999" ind1=" " ind2=" ">
    <subfield code="c">369951</subfield>
    <subfield code="d">369951</subfield>
  </datafield>
  <datafield tag="952" ind1=" " ind2=" ">
    <subfield code="0">0</subfield>
    <subfield code="1">0</subfield>
    <subfield code="4">0</subfield>
    <subfield code="7">0</subfield>
    <subfield code="a">MNVT</subfield>
    <subfield code="b">MNVT</subfield>
    <subfield code="d">2025-04-25</subfield>
    <subfield code="e">&#x92D;&#x93E;&#x930;&#x924;&#x940;&#x92F; &#x935;&#x93F;&#x91A;&#x93E;&#x930; &#x938;&#x93E;&#x927;&#x928;&#x93E; &#x92B;&#x93E;&#x909;&#x902;&#x921;&#x947;&#x936;&#x928;</subfield>
    <subfield code="g">35.00</subfield>
    <subfield code="i">Ho/IN/603</subfield>
    <subfield code="l">0</subfield>
    <subfield code="o">/SAH/B2157</subfield>
    <subfield code="p">MNVT-BK-2157</subfield>
    <subfield code="r">2026-01-21 11:23:08</subfield>
    <subfield code="v">50.00</subfield>
    <subfield code="w">2025-03-18</subfield>
    <subfield code="y">BK</subfield>
    <subfield code="z">B2157</subfield>
  </datafield>
</record>
